000 00998nas a2200349 4500
001 BR2013000918
003 BR-BrBNA
005 20231205121856.0
007 ta
008 230509b bl.|||p| |||| 00| 00por d
040 _aBR-BrBNA
_bpor
_cBiblioteca Nacional de Agricultura
041 _a(Pt)
072 _aH60
100 1 _aSilva, D.V.
100 1 _aSantos, J.B.
100 1 _aCarvalho, F.P.
100 1 _aFerreira, E.A.
100 1 _aFrança, A.C.
100 1 _aFernandes, J.S.C.
100 1 _aGandini, E.M.M.
100 1 _aCunha, V.C.
245 1 _aSeletividade de herbicidas pós-emergentes na cultura da mandioca
650 _aALGODÃO
650 _aERVA DANINHA
650 _aHERBICIDA
650 _aPÓS-EMERGÊNCIA
650 _aRESISTÊNCIA A PRODUTOS QUÍMICOS
650 _aFITOTOXICIDADE
773 0 _tPlanta Daninha (Brazil)
_xISSN 0100-8358
_g(2012), v. 30(4) p. 835-841
_wBR2013000918
909 _a202311
_bLúcia
_c55
_dLúcia Elande
942 _2AGRIS
_n0
_cANA
999 _c225708
_d225708